Brasstacks and beyond : (Record no. 549826)
[ view plain ]
| 000 -LEADER | |
|---|---|
| fixed length control field | 00976nam a2200217 a 4500 |
| 020 ## - INTERNATIONAL STANDARD BOOK NUMBER | |
| International Standard Book Number | 817304130X |
| 082 00 - DEWEY DECIMAL CLASSIFICATION NUMBER | |
| Classification number | 954.3036 |
| Author Mark | BAJ |
| -- | D |
| 100 ## - MAIN ENTRY--PERSONAL NAME | |
| Personal name | Bajpal, Kanti P. |
| 9 (RLIN) | 46504 |
| 245 00 - TITLE STATEMENT | |
| Title | Brasstacks and beyond : |
| Remainder of title | perception and management of crisis in South Asia / |
| Statement of responsibility, etc. | by Kanti P. Bajpai ... [et al.]. |
| 260 ## - PUBLICATION, DISTRIBUTION, ETC. | |
| Place of publication, distribution, etc. | New Delhi : |
| Name of publisher, distributor, etc. | Manohar, |
| Date of publication, distribution, etc. | 1995. |
| 300 ## - PHYSICAL DESCRIPTION | |
| Extent | xii, 205 p. : |
| Other physical details | maps ; |
| Dimensions | 22 cm. |
| 500 ## - GENERAL NOTE | |
| General note | "Under the auspices of the Program in Arms Control, Disarmament, and International Security, University of Illinois at Urbana-Champaign, Urbana, Illinois, USA." |
| 520 ## - SUMMARY, ETC. | |
| Summary, etc. | With special reference to Brasstacks-related crisis between India and Pakistan. |
| 526 ## - STUDY PROGRAM INFORMATION NOTE | |
| Program name | 0 |
| Interest level | 0 |
| Reading level | 0 |
| Title point value | 954_303600000000000_BAJ |
| 526 ## - STUDY PROGRAM INFORMATION NOTE | |
| Program name | 0 |
| Interest level | 0 |
| Reading level | 0 |
| Title point value | 954_303600000000000_BAJ |
| 526 ## - STUDY PROGRAM INFORMATION NOTE | |
| Program name | 0 |
| Interest level | 0 |
| Reading level | 0 |
| Title point value | 954_303600000000000_BAJ |
| 526 ## - STUDY PROGRAM INFORMATION NOTE | |
| Program name | 0 |
| Interest level | 0 |
| Reading level | 0 |
| Title point value | 954_303600000000000_BAJ |
| 700 1# - ADDED ENTRY--PERSONAL NAME | |
| Personal name | Bajpai, Kanti P., |
| 9 (RLIN) | 46505 |
| 710 2# - ADDED ENTRY--CORPORATE NAME | |
| Corporate name or jurisdiction name as entry element | University of Illinois at Urbana-Champaign. |
| 9 (RLIN) | 46506 |
| 942 ## - ADDED ENTRY ELEMENTS (KOHA) | |
| Source of classification or shelving scheme | |
| Koha item type | Book |
| Withdrawn status | Lost status | Source of classification or shelving scheme | Damaged status | Not for loan | Permanent Location | Current Location | Date acquired | Total Checkouts | Full call number | Barcode | Date last seen | Price effective from | Koha item type | Date last checked out |
|---|---|---|---|---|---|---|---|---|---|---|---|---|---|---|
| Military College of Engineering (MCE) | Military College of Engineering (MCE) | 10/15/2014 | 954.3036 BAJ | MCE-44858 | 10/15/2014 | 03/14/2021 | Book | |||||||
| Military College of Engineering (MCE) | Military College of Engineering (MCE) | 10/15/2014 | 1 | 954.3036 BAJ | MCE-44859 | 03/07/2018 | 03/14/2021 | Book | 02/22/2018 | |||||
| Military College of Engineering (MCE) | Military College of Engineering (MCE) | 10/15/2014 | 954.3036 BAJ | MCE-44860 | 10/15/2014 | 03/14/2021 | Book | |||||||
| Military College of Engineering (MCE) | Military College of Engineering (MCE) | 10/15/2014 | 954.3036 BAJ | MCE-44861 | 10/15/2014 | 03/14/2021 | Book |
